000 00281nam a2200097Ia 4500
008 230915s9999 xx 000 0 und d
050 _aLB 2831.58 .R43 2007
100 _aRebore,Ronald W.
245 0 _aHuman Resources Administration in Education:A Management Approach
942 _cBK
999 _c169759
_d169759